000 00266nam a2200109Ia 4500
001 588906
005 20250717120839.0
008 250717s9999 xx 000 0 und d
245 0 _aY-7 ALİ KUŞÇU
_cAYŞENUR GÖNEN
260 _bERDEM YAYINLARI
_c2020
300 _b111
999 _c588906
_d588906